Разработка метода обработки данных лазерного зондирования гетерогенных систем; Изотопы: технологии, материалы и применение

Dades bibliogràfiques
Parent link:Изотопы: технологии, материалы и применение.— 2017.— [С. 26]
Autor principal: Гамов Д. Л. Денис Леонидович
Autor corporatiu: Национальный исследовательский Томский политехнический университет
Altres autors: Еремеев Р. С. (научный руководитель), Хан В. А. Валерий Алексеевич
Sumari:Заглавие с экрана
Idioma:rus
Publicat: 2017
Col·lecció:Селекция веществ оптическими, электромагнитными, ИЦР, лазерными и плазменными методами. Диагностика и методы анализа веществ и примесей
Matèries:
Accés en línia:http://earchive.tpu.ru/handle/11683/44083
Format: Electrònic Capítol de llibre
KOHA link:https://koha.lib.tpu.ru/cgi-bin/koha/opac-detail.pl?biblionumber=624319

MARC

LEADER 00000naa2a2200000 4500
001 624319
005 20250507163634.0
035 |a (RuTPU)RU\TPU\conf\23579 
035 |a RU\TPU\conf\23578 
090 |a 624319 
100 |a 20171120d2017 k y0rusy50 ca 
101 0 |a rus 
102 |a RU 
105 |a y z 101zy 
135 |a drgn ---uucaa 
181 0 |a i  
182 0 |a b 
200 1 |a Разработка метода обработки данных лазерного зондирования гетерогенных систем  |f Д. Л. Гамов, Р. С. Еремеев  |g науч. рук. В. А. Хан 
203 |a Текст  |c электронный 
225 1 |a Селекция веществ оптическими, электромагнитными, ИЦР, лазерными и плазменными методами. Диагностика и методы анализа веществ и примесей 
300 |a Заглавие с экрана 
463 0 |0 (RuTPU)RU\TPU\conf\23567  |t Изотопы: технологии, материалы и применение  |o материалы IV Международной научной конференции молодых ученых, аспирантов и студентов, г. Томск, 30 октября - 3 ноября 2017 г.  |f Национальный исследовательский Томский политехнический университет (ТПУ)  |v [С. 26]  |d 2017 
610 1 |a электронный ресурс 
610 1 |a обработка 
610 1 |a лазерное зондирование 
610 1 |a гетерогенные системы 
610 1 |a аэрозольные системы 
610 1 |a ультрадисперсные частицы 
610 1 |a низкотемпературная плазма 
610 1 |a сажа 
610 1 |a оптические излучения 
610 1 |a труды учёных ТПУ 
610 1 |a данные 
700 1 |a Гамов  |b Д. Л.  |c физик  |c заместитель начальника Томского политехнического университета  |f 1987-  |g Денис Леонидович  |3 (RuTPU)RU\TPU\pers\37576 
701 1 |a Еремеев  |b Р. С. 
702 1 |a Хан  |b В. А.  |c физик  |c доцент Томского политехнического университета, доктор технических наук  |f 1952-  |g Валерий Алексеевич  |4 727 
712 0 2 |a Национальный исследовательский Томский политехнический университет  |c (2009- )  |9 26305 
801 2 |a RU  |b 63413507  |c 20181015  |g RCR 
850 |a 63413507 
856 4 |u http://earchive.tpu.ru/handle/11683/44083 
942 |c BK